000 01446naa a22003497a 4500
001 BR0806426
003 BR-BrBNA
005 20240918181928.0
007 ta
008 230509b bl.||||| |||| 00| 0 por d
040 _aBR-BrBNA
_bpor
_cBiblioteca Nacional de Agricultura
041 _a(Pt)
072 _aE16; B50
_b0150
090 _aE16 BR0806426
100 1 _aPinheiro, B. da S.
100 1 _aFerreira, C.M.
100 1 _aMorais, O.P. de
100 1 _aCastro, E. da M. de
245 1 _aArroz de terras altas: uma inovação que adequou o produto tropical às expectativas do mercado
_bpt. 2 - grãos
260 3 _aBrasília, DF (Brasil):
_c2008.
500 _aAlbuquerque, A.C.S. (ed.); Silva, A.G. da (ed.) Agricultura tropical; quatro décadas de inovações tecnológicas, institucionais e políticas Brasília, DF (Brasil): 2008. p. 103-124 (BR0806426-AM)E16
650 _aTECNOLOGIA AGRICOLA
650 _aARROZ
650 _aHISTÓRIA
650 _aINOVAÇÃO
650 _aPRODUTIVIDADE
650 _aPESQUISA AGRICOLA
650 _aMERCADO
773 0 _tAgricultura tropical; quatro décadas de inovações tecnológicas, institucionais e políticas
_aAlbuquerque, A.C.S. (ed.); Silva, A.G. da (ed.). EMBRAPA Informação Tecnológica, Brasília, DF (Brasil)
_b
_wE16 BR0806426
_zISBN 978-85-7383-432-1
_gBrasília, DF (Brasil), 2008. p. 103-124
909 _a202404
_bLucia
_c55
_dLucia Elande
942 _cAM
_2AGRIS
999 _c327561
_d327561